00382nam a2200109Ia 450000500170000000800410001710000370005824501250009526000170022030000110023765000240024820260328101441.0260328s9999||||xx |||||||||||||| ||und|| aVidales Giovannetti, Dolores Ma. 0aEl Mundo del envase :b Manual para el Diseño y producción de envases y embalajes /cDolores Ma. Vidales Giovannetti bGustavo Gili a299 p. aDISEÑO INDUSTRIAL